| 000 | 01429cab a2200229 4500 | ||
|---|---|---|---|
| 001 | ##ABS68163 | ||
| 008 | 040826n2004 000 0 eng u | ||
| 035 | _a(Sirsi) u127168 | ||
| 041 | 0 | _aeng | |
| 100 | 1 | _aMitchell, H. | |
| 245 | 0 | 0 |
_aOpening Pandora's box _bthe Method of Measurement for Highway Works (MMHW) _bPart five _bIs it covered? |
| 260 | _c2004 | ||
| 490 | 0 |
_aCivil Engineering Surveyor _v July/August 2004, 30-31(2) |
|
| 520 | _aHighlights the unique quality of MMHW whereby it includes detailed item coverage for matters that are to be covered by the items. Outlines the principles of item coverage as a list of matters that the contractor is required to include for in his price for the item, always provided that the listed matter is applicable for the contract, as not all items are on every occasion. Warns, using an example, against use of item coverage as a shopping list of matters which must be included by the contractor, regardless of the contract. (See also Abs67769, Abs67770, Abs67964). | ||
| 590 | _aABS | ||
| 650 | 2 | 4 | _aBUILT ENVIRONMENT-QUANTITY SURVEYING-METHOD OF MEASUREMENT FOR HIGHWAY WORKS |
| 650 | 2 | 4 | _aBUILT ENVIRONMENT-QUANTITY SURVEYING-METHOD OF MEASUREMENT FOR ROADS AND BRIDGES |
| 650 | 2 | 4 | _aBUILT ENVIRONMENT-QUANTITY SURVEYING-STANDARD METHOD OF MEASUREMENT FOR CIVIL ENGINEERING QUANTITIES |
| 651 | 4 |
_aUnited Kingdom _y |
|
| 690 |
_aQuantity surveying _96263 |
||
| 942 | _n0 | ||
| 999 |
_c74512 _d74512 |
||